| 000 | 00809nam a22001337a 4500 | ||
|---|---|---|---|
| 008 | 110621t xxu||||| |||| 00| 0 eng d | ||
| 010 | _aCACAF69 | ||
| 245 | _aCourt of Appeal Civil Application No. 103 OF 2003 Charles Sempewo & 134 others Vs Silver Springs Hotel (1969) LTD | ||
| 260 | _c2003 | ||
| 500 | _aCoram: Hon. Lady Justice L.E.M. Mukasa-Kikonyogo, DCJ Hon.Mr. Justice S.G. Engwau, JA Hon. Lady Justice C.K. Byamugisha, JA | ||
| 500 | _aAppeal from the ruling and orders of the High Court of Uganda sitting at Kampala Ntabgoba P.J. dated 25th July 2003 in HCSC No. 335/03 | ||
| 999 |
_c3491 _d3491 |
||